zpět

Detail výsledku týmu

A-Sport, Hradec Králové

Datum a čas kvízu

25 Celkem bodů Celkový počet nahraných bodů na tomto kvízu bez doplňovacích otázek.
6. Pořadí na kvízu Konečné umístění týmu na tomto kvízu.

Zaznamenané odpovědi

# Otázka Odpověď Body Výsledky
1. Na půdě Poslanecké sněmovny se... obrázek Milady Horákové 0
2. Uplynulý týden řešila administ... John Bolton 0
3. Minulý týden se na internetu o... Milan Kundera 1
4. České dráhy minulý týden vylep... Můj vlak 0
5. Minulý týden skončily spekulac... Chelsea 1
6. Napište dvě řecké předpony pou... mega, mikro 0.5
7. Vzpomenete si, kolik otázek v... 4 otázky 1
8. Uveďte právní formu Milionu ch... B 0
9. V žebříčku deseti měst USA s v... San Antonio, San Diego, San Jose 0.5
10. Jaká je průměrná vzdálenost Ze... 150 miliónů km 0